| 000 | 01064cam a2200217Ia 4500 | ||
|---|---|---|---|
| 020 | _a094951165X | ||
| 020 | _a9780949511652 | ||
| 040 | _cAGL | ||
| 082 | 0 | 4 | _a631 AUS 1988 A049 Or. |
| 245 | 0 | 0 |
_aBulk handling and storage of grain in the humid tropics : _bproceedings of an international workshop held at Kuala Lumpur, Malaysia, 6-9 October 1987 / |
| 260 |
_aCanberra, A.C.T. : _bAustralian Centre for International Agricultural Research, _c1988 |
||
| 300 |
_a295 p. : _bill. ; _c24 cm |
||
| 490 | 1 | _aACIAR proceedings ; | |
| 500 | _a"Sponsored by: Australian Centre for International Agricultural Research (ACIAR); ASEAN-EEC Regional Collaborative Programme on Grains Postharvest Technology; ASEAN Grains Working Group; Malaysian Agricultural Research and Development Institute (MARDI); National Paddy and Rice Authority (LPN), Malaysia; ASEAN Food Handling Bureau (AFHB)." | ||
| 650 | 0 | _aGrain | |
| 650 | 0 | _aGrain | |
| 700 | 1 | _aChamp, B. R. | |
| 700 | 1 | _aHighley, E | |
| 710 | 2 | _aAustralian Centre for International Agricultural Research | |
| 942 | _cEK | ||
| 999 |
_c14357 _d14357 |
||